| 000 | 00975nam a2200253 i 4500 | ||
|---|---|---|---|
| 001 | 187045 | ||
| 003 | SpMaBN | ||
| 005 | 20251005063140.0 | ||
| 008 | 170405s2008 sp aeo |||| | spa d | ||
| 020 | _a978-84-8173-136-1 | ||
| 080 | _a738.5.032(37:460.183) | ||
| 080 | _a904(460.183):7.032(37) | ||
| 100 | 1 |
_aCortés Álvarez de Miranda, Javier, _d1929-2009 _9162287 |
|
| 245 | 1 | 0 |
_aMosaicos en la villa romana La Olmeda / _cJavier Cortes Álvarez de Miranda ; [traducción, Martin Greedy]. |
| 260 |
_aPalencia : _bDiputación de Palencia, _c2008. |
||
| 300 |
_a127 p. : _bil. col. y n., fot., 1 plano ; _c34 cm. |
||
| 500 | _aGlosario. | ||
| 546 | _aTexto español y traducción en inglés. | ||
| 650 | 7 |
_aMosaicos romanos- _zPalencia (Provincia) _9162285 |
|
| 651 | 7 |
_aLa Olmeda (Palencia, Yacimiento) _9162286 |
|
| 710 | 1 |
_aPalencia (Provincia). _bDiputación Provincial. _96107 |
|
| 852 |
_aES-MaACL _jL-31365 _z- enc. tela |
||
| 999 |
_c187045 _d187045 |
||